000 00587nam a22001457a 4500
020 _a978-81-291-1984-1
082 _a823
_bRUS/A
100 _aBOND, RUSKIN
245 _aANGRY RIVER
260 _aDELHI
_bRUPA PUBLICATIONS
_c2023
300 _a84
520 _aSita is a sweet little girl living on a small island with her grandparents. But situations worsen as the water level rises while her grandmother was admitted to a hospital and their home as well as her life in danger. This story is about her journey of survival in the 'Angry River'.
650 _aFICTION
_zINDIA
942 _cBK
999 _c7164
_d7164